Capitales commençant par A - Statistiques

Statistiques générales
  • Ce quiz a été pris 544 fois
  • Le résultat moyen est 9 sur 17
Statistiques - réponses
Capitales % Correct
Alger
81%
Ankara
78%
Amsterdam
76%
Andorre la Vieille
72%
Antananarivo
69%
Athènes
65%
Accra
61%
Addis-Abeba
60%
Asuncion
60%
Abuja
56%
Amman
56%
Abou Dabi
53%
Asmara
52%
Achgabat
50%
Apia
45%
Alofi
5%
Avarua
4%
Aucun quiz correspondant
Distribution des résultats
% des personnes avec chaque résultat
Percentile par nombre de réponses
Votre historique - résultats
Vous n’avez pas pris ce quiz